000 01137nam a2200241Ia 4500
999 _c52902
_d52902
001 19932
003 GE_BSU
005 20200513231905.0
008 181216s1983||||ge |||||||||||||| ||geo||
040 _cGE_BSU
041 _ageo
080 _a811.353.1'373.22 ხ-76
100 _aხორნაული, გიგი
_94186
245 _aმთები და სახელები :
_bმთიულეთ-გუდამაყრის ტოპონიმიკური მასალები და ძიებანი /
_cგიგი ხორნაული ; რედ. პროფ. შ. ძიძიგური.
264 _aთბილისი :
_bთბილ. უნ-ტის გამ-ბა,
_c1983.
300 _a199გვ; 22სმ.
541 _h3ლ.
653 _aსაქართველოს ტოპონიმიკა
653 _aქართული ენა
700 _aძიძიგური, შ.
_eრედაქტორი
_92258
710 _aბიბლიოგრაფია ტექსტის შენიშვნებში
_98058
942 _cBK
_2udc